000 00580nmm a2200169Ia 4500
008 251105s9999||||xx |||||||||||||||||und||
020 _a9788437098654
041 _aeng
100 _aHoward, John
245 0 _aWhite Sepulchres :
_b Palomares Disaster Semicentennial Publication
264 _a[Madrid, España] :
_bPublicaciones de la Universidad de Valencia (PUV),
_c2016
300 _a128 páginas
490 _aBiblioteca Javier Coy d'estudis nord-americans
650 _aHistory of Europe: Spain
856 _uhttps://public.digitaliapublishing.com/a/44377
942 _cCF
999 _c82707
_d82707